Bank rating changes and bank stock returns-puzzling evidence from the emerging markets

Gespeichert in:
Bibliographische Detailangaben
1. Verfasser: Richards, Anthony
Weitere Verfasser: Deddouche, David
Format: Buch
Sprache:Englisch
Veröffentlicht: Washington International Monetary Fund 1999
Schriftenreihe:IMF Working Paper WP/99/151
Schlagworte:
Tags: Tag hinzufügen
Keine Tags, Fügen Sie das erste Tag hinzu!

MARC

LEADER 00000nam a2200000 4500
001 c124229
005 20221221081647.3
041 0 |a eng 
044 |a US 
245 1 0 |a Bank rating changes and bank stock returns-puzzling evidence from the emerging markets  |c Prepared by Anthony Richards and David Deddouche 
264 1 |a Washington  |b International Monetary Fund  |c 1999 
300 |a 28 s. 
490 1 |a IMF Working Paper  |v WP/99/151 
830 0 |a IMF Working Paper  |v WP/99/151 
610 2 0 |a banky 
610 2 0 |a bankovníctvo 
610 2 0 |a rating 
610 2 0 |a zásoby 
610 2 0 |a trh 
610 2 0 |a ceny 
610 2 0 |a Medzinárodný menový fond 
100 1 |a Richards, Anthony 
700 1 |a Deddouche, David